Obsequio al gobernador civil
Descripción Física:
Il·lustracions
Colección:
San Jorge,
; núm. 10 (abril 1953), pàg 72
Materias:
Acedo Colunga, Felipe, -- 1896-1965
Idioma:
Español
MARC
| LEADER | 00000naa a2200000 a 4500 | ||
|---|---|---|---|
| 003 | Arxiu | ||
| 005 | 20260324181025.0 | ||
| 008 | 160829s1953 spcaxx s spa c | ||
| 040 | |a agdb | ||
| 245 | 0 | 0 | |a Obsequio al gobernador civil |
| 300 | |b Il·lustracions | ||
| 490 | |a San Jorge, |v núm. 10 (abril 1953), pàg 72 | ||
| 600 | 1 | 0 | |a Acedo Colunga, Felipe, |d 1896-1965 |9 53867 |
| 773 | |g Núm. 10 (abril 1953), pàg 72 |t San Jorge. | ||
| 901 | |a Arxiu | ||
| 942 | |n 1 |2 udc |c ART | ||
| 952 | |0 0 |1 0 |2 udc |4 0 |6 REV508 |7 1 |9 64387 |a Arxiu |b Arxiu |d 2022-11-28 |o Rev-508 |r 2022-11-28 00:00:00 |w 2022-11-28 |y ARXIU |z També disponible a Rev-522 | ||
| 999 | |c 43972 |d 43972 | ||